000 00858nac a22002897a 4500
001 BR0202818
003 BR-BrBNA
005 20240105122654.0
008 230509b bl.|||m| |||| 00| 0 por d
040 _aBR-BrBNA
_bpor
_cBiblioteca Nacional de Agricultura
072 _aF03
090 _a2120 BR0202818
100 1 _aPereira, R. de C.A.
100 1 _aVasconcelos, S.S. de
100 1 _aSales, F. de
110 1 _aEMBRAPA Acre, Rio Branco, AC (Brasil)
_93527
245 1 _aSubstratos para germinação de sementes de café
260 3 _aRio Branco, AC (Brasil):
_c2000.
300 _a2 p.
490 _aComunicado Técnico - EMBRAPA Acre (Brazil)
_vno. 112
_xISSN 0100-8668
650 _aCAFÉ
650 _aSEMENTE
650 _aGERMINAÇÃO
650 _aACRE
909 _a202312
_bLúcia Elande
_c55
_dLúcia Elande
942 _2AGRIS
_n0
_cMS
999 _c292243
_d292243